ՄԱՅՐ ԱԹՈՌ ՍՈՒՐԲ ԷՋՄԻԱԾԻՆ

«ՎԱՉԵ ԵՎ ԹԱՄԱՐ ՄԱՆՈՒԿՅԱՆ» ՄԱՏԵՆԱԴԱՐԱՆ

Cosmos, Chaos and the Kosher Mentality / (Record no. 72138)

MARC details
000 -LEADER
fixed length control field 00759nam a22002417a 4500
003 - CONTROL NUMBER IDENTIFIER
control field SEM
005 - DATE AND TIME OF LATEST TRANSACTION
control field 20220608074941.0
008 - FIXED-LENGTH DATA ELEMENTS--GENERAL INFORMATION
fixed length control field 220125s1995 us ||||gr|||||00| 0 eng|d
020 ## - INTERNATIONAL STANDARD BOOK NUMBER
International Standard Book Number 1850755361
040 ## - CATALOGING SOURCE
Original cataloging agency SEM
Transcribing agency SEM
041 ## - LANGUAGE CODE
Language code of text/sound track or separate title eng
082 ## - DEWEY DECIMAL CLASSIFICATION NUMBER
Classification number 228/B-91
100 ## - MAIN ENTRY--PERSONAL NAME
Personal name Bryan David
245 ## - TITLE STATEMENT
Title Cosmos, Chaos and the Kosher Mentality /
Statement of responsibility, etc. D. Bryan
260 ## - PUBLICATION, DISTRIBUTION, ETC.
Place of publication, distribution, etc. England :
Name of publisher, distributor, etc. Sheffield Academic press,
Date of publication, distribution, etc. 1995.
300 ## - PHYSICAL DESCRIPTION
Extent 303 p. ;
Dimensions 22 cm
490 ## - SERIES STATEMENT
Series statement Journal for the study of the Pseudepigrapha: Spplement series
Volume/sequential designation 12
504 ## - BIBLIOGRAPHY, ETC. NOTE
Bibliography, etc. note Appendix p.: 257-272; Bibliography p.: 273-285; indexes p.: 286-303
650 ## - SUBJECT ADDED ENTRY--TOPICAL TERM
Topical term or geographic name entry element Apocalypse
653 ## - INDEX TERM--UNCONTROLLED
Uncontrolled term ՍԷՄ
830 ## - SERIES ADDED ENTRY--UNIFORM TITLE
Uniform title Journal for the study of the Pseudepigrapha: Spplement series
Version 12
942 ## - ADDED ENTRY ELEMENTS (KOHA)
Source of classification or shelving scheme Dewey Decimal Classification
Koha item type Գրքեր/Books
Holdings
Withdrawn status Lost status Source of classification or shelving scheme Damaged status Not for loan Collection code Home library Current library Date acquired Cost, normal purchase price Inventory number Total Checkouts Full call number Barcode Date last seen Price effective from Koha item type Public note
    Dewey Decimal Classification     Գրապահոց Մայր Աթոռ Սուրբ Էջմիածին «Վաչե և Թամար Մանուկյան» Մատենադարան Մայր Աթոռ Սուրբ Էջմիածին «Վաչե և Թամար Մանուկյան» Մատենադարան 25/01/2022 2000.00 E-6880   228/B-91 E-6880 25/01/2022 25/01/2022 Գրքեր/Books Սպասարկվում է ընթերցասրահ